[Event "Edmonton Fall Sectional A"]
[Site "Edmonton CAN"]
[Date "2012.10.26"]
[Round "1"]
[White "Hambleton, Aman"]
[Black "Porper, Edward"]
[Result "1/2-1/2"]
[WhiteElo "2348"]
[BlackElo "2413"]
[PlyCount "122"]
[GameId "2160767909411650"]
[EventDate "2012.10.26"]
[EventType "tourn"]
[EventRounds "5"]
[EventCountry "CAN"]
[SourceTitle "EXT 2022"]
[Source "ChessBase"]
[SourceDate "2021.10.06"]
[SourceVersion "1"]
[SourceVersionDate "2021.10.06"]
[SourceQuality "1"]

1. d4 d5 2. c4 c6 3. Nc3 e6 4. e3 f5 5. g4 Nf6 6. gxf5 exf5 7. Qb3 dxc4 8. Bxc4 Qe7 9. Nge2 b5 10. Bd3 Be6 11. Qc2 g6 12. Nf4 Bf7 13. Bd2 Bh6 14. O-O-O O-O 15. Kb1 Na6 16. Nce2 Rac8 17. Rhg1 Kh8 18. Rc1 Qd7 19. Ng3 Nd5 20. Nxd5 Bxd5 21. h4 Qe6 22. b3 c5 23. e4 fxe4 24. Bxh6 exd3 25. Qxd3 Rf3 26. Qe2 Qxe2 27. Nxe2 Be4+ 28. Ka1 Rxf2 29. Nc3 Bd3 30. dxc5 Nb4 31. Be3 Rc2 32. a3 Rxc1+ 33. Bxc1 Nc2+ 34. Kb2 b4 35. axb4 Nxb4 36. Be3 Bf5 37. Na4 Re8 38. Bd4+ Kg8 39. Kc3 a5 40. Rg2 Re4 41. Rh2 h5 42. Nb6 Kf7 43. Bf2 Re2 44. Nc4 Ke6 45. Nxa5 Nd5+ 46. Kc4 Ne3+ 47. Bxe3 Rxh2 48. Bg5 Rg2 49. Nc6 Be4 50. Nd4+ Kd7 51. b4 Rxg5 52. hxg5 h4 53. Ne2 h3 54. Ng3 h2 55. b5 h1=Q 56. Nxh1 Bxh1 57. Kb4 Bf3 58. Ka5 Kc7 59. Ka6 Be2 60. Ka5 Bf1 61. Ka6 Be2 1/2-1/2

[Event "Edmonton Fall Sectional A"]
[Site "Edmonton CAN"]
[Date "2012.10.26"]
[Round "1"]
[White "Pechenkin, Vladimir"]
[Black "Gardner, Robert"]
[Result "1-0"]
[WhiteElo "2340"]
[BlackElo "2248"]
[PlyCount "79"]
[GameId "2160767909411651"]
[EventDate "2012.10.26"]
[EventType "tourn"]
[EventRounds "5"]
[EventCountry "CAN"]
[SourceTitle "EXT 2022"]
[Source "ChessBase"]
[SourceDate "2021.10.06"]
[SourceVersion "1"]
[SourceVersionDate "2021.10.06"]
[SourceQuality "1"]

1. c4 e6 2. g3 Nf6 3. Bg2 d5 4. Nf3 Be7 5. O-O O-O 6. d4 c6 7. Qc2 b6 8. Nbd2 Bb7 9. e4 Na6 10. Rd1 Rc8 11. a3 Rc7 12. e5 Ne8 13. b4 dxc4 14. Nxc4 Rd7 15. h4 h6 16. Be3 Nac7 17. Nfd2 Nd5 18. Ne4 Nxe3 19. fxe3 c5 20. dxc5 Bxe4 21. Bxe4 bxc5 22. b5 f5 23. Bc6 Rxd1+ 24. Rxd1 Qb8 25. Rd7 Rf7 26. Rb7 Qd8 27. Rxa7 Bxh4 28. Rxf7 Kxf7 29. Bxe8+ Kxe8 30. Nd6+ Kf8 31. Qxc5 Kg8 32. gxh4 Qxh4 33. Kf1 Qh2 34. b6 Qd2 35. Qc4 Qxe3 36. Qxe6+ Kh8 37. Qc8+ Kh7 38. Qxf5+ Kh8 39. Qf8+ Kh7 40. Qxg7+ 1-0

[Event "Edmonton Fall Sectional A"]
[Site "Edmonton CAN"]
[Date "2012.10.26"]
[Round "1"]
[White "Wang, Richard"]
[Black "Yam, Alex"]
[Result "1-0"]
[WhiteElo "2356"]
[BlackElo "2267"]
[PlyCount "123"]
[GameId "2160767909411652"]
[EventDate "2012.10.26"]
[EventType "tourn"]
[EventRounds "5"]
[EventCountry "CAN"]
[SourceTitle "EXT 2022"]
[Source "ChessBase"]
[SourceDate "2021.10.06"]
[SourceVersion "1"]
[SourceVersionDate "2021.10.06"]
[SourceQuality "1"]

1. d4 Nf6 2. Nf3 c5 3. d5 e6 4. c4 d6 5. Nc3 exd5 6. cxd5 a6 7. a4 g6 8. h3 Bg7 9. e4 Nbd7 10. Bd3 Nh5 11. Bg5 Bf6 12. Be3 Ne5 13. Be2 Nxf3+ 14. Bxf3 Ng7 15. O-O O-O 16. Qd2 Be5 17. Bf4 Re8 18. Rfe1 Bd7 19. a5 b5 20. axb6 Qxb6 21. Bxe5 Rxe5 22. Bd1 Rae8 23. f4 R5e7 24. Bf3 Kf8 25. Qe2 Bb5 26. Nxb5 axb5 27. Qd2 Ra7 28. Rxa7 Qxa7 29. Kh2 f6 30. Qc3 Qe7 31. Re2 Kf7 32. Qb3 Qd7 33. Qc3 Re7 34. Qe1 Qc7 35. Qh4 h5 36. g4 hxg4 37. Qxg4 f5 38. Qg5 fxe4 39. Bxe4 Rxe4 40. Rxe4 c4 41. Re3 Qd7 42. Qg4 Qf5 43. Qxf5+ Nxf5 44. Ra3 Ne7 45. Ra7 b4 46. Rc7 c3 47. bxc3 bxc3 48. Kg3 Kf6 49. Rxc3 Nxd5 50. Rd3 Ke6 51. Kg4 Nf6+ 52. Kg5 Kf7 53. f5 gxf5 54. Kxf5 Ne8 55. Kg5 Ke6 56. Kg6 d5 57. h4 Nd6 58. h5 Nf5 59. h6 Nxh6 60. Re3+ Kd6 61. Kxh6 d4 62. Re1 1-0

[Event "Edmonton Fall Sectional A"]
[Site "Edmonton CAN"]
[Date "2012.10.27"]
[Round "2"]
[White "Porper, Edward"]
[Black "Pechenkin, Vladimir"]
[Result "1-0"]
[WhiteElo "2413"]
[BlackElo "2340"]
[PlyCount "47"]
[GameId "2160767909411653"]
[EventDate "2012.10.26"]
[EventType "tourn"]
[EventRounds "5"]
[EventCountry "CAN"]
[SourceTitle "EXT 2022"]
[Source "ChessBase"]
[SourceDate "2021.10.06"]
[SourceVersion "1"]
[SourceVersionDate "2021.10.06"]
[SourceQuality "1"]

1. Nf3 f5 2. d3 Nc6 3. e4 e5 4. Nc3 Nf6 5. Nd5 Nxd5 6. exd5 Nd4 7. Nd2 c6 8. c3 Nb5 9. d4 exd4 10. Bxb5 dxc3 11. bxc3 cxb5 12. O-O Be7 13. d6 Bxd6 14. Re1+ Be7 15. Qb3 a5 16. Nf3 Ra6 17. Nd4 Kf8 18. Nxf5 Bc5 19. Qd5 Rc6 20. Bf4 d6 21. Re7 Qxe7 22. Nxe7 Kxe7 23. Re1+ Kd8 24. Qf7 1-0

[Event "Edmonton Fall Sectional A"]
[Site "Edmonton CAN"]
[Date "2012.10.27"]
[Round "2"]
[White "Wang, Richard"]
[Black "Hambleton, Aman"]
[Result "1/2-1/2"]
[WhiteElo "2356"]
[BlackElo "2348"]
[PlyCount "108"]
[GameId "2160767909411654"]
[EventDate "2012.10.26"]
[EventType "tourn"]
[EventRounds "5"]
[EventCountry "CAN"]
[SourceTitle "EXT 2022"]
[Source "ChessBase"]
[SourceDate "2021.10.06"]
[SourceVersion "1"]
[SourceVersionDate "2021.10.06"]
[SourceQuality "1"]

1. d4 e6 2. Nf3 Nf6 3. e3 b6 4. Bd3 Bb7 5. O-O c5 6. c4 Be7 7. Nc3 cxd4 8. exd4 d5 9. cxd5 Nxd5 10. Bb5+ Bc6 11. a4 O-O 12. Ne5 Bb7 13. Qb3 f6 14. Nd3 Nxc3 15. Qxe6+ Kh8 16. bxc3 Bd5 17. Qf5 g6 18. Qh3 a6 19. Nf4 axb5 20. Nxg6+ Kg8 21. Nxe7+ Qxe7 22. Ba3 b4 23. Bxb4 Qg7 24. Bxf8 Qxf8 25. Rfb1 Qd6 26. c4 Bf7 27. Qc8+ Kg7 28. c5 bxc5 29. dxc5 Qd7 30. Qxd7 Nxd7 31. Rc1 Ne5 32. a5 Ra6 33. Rcb1 Nd7 34. Rb5 Bd5 35. f4 Bc6 36. Rb4 Kf7 37. Rc4 Ke7 38. Kf2 Kd8 39. Ke3 Kc7 40. g4 Ra8 41. Kd4 Nf8 42. Kc3 Ne6 43. h4 Bd5 44. f5 Bxc4 45. Kxc4 Nd8 46. Kd5 Kd7 47. a6 h6 48. a7 Nc6 49. g5 fxg5 50. hxg5 hxg5 51. f6 Rxa7 52. Rh1 Nb4+ 53. Kc4 Nc6 54. Kd5 Nb4+ 1/2-1/2

[Event "Edmonton Fall Sectional A"]
[Site "Edmonton CAN"]
[Date "2012.10.27"]
[Round "2"]
[White "Yam, Alex"]
[Black "Gardner, Robert"]
[Result "1-0"]
[WhiteElo "2267"]
[BlackElo "2248"]
[PlyCount "77"]
[GameId "2160767909411655"]
[EventDate "2012.10.26"]
[EventType "tourn"]
[EventRounds "5"]
[EventCountry "CAN"]
[SourceTitle "EXT 2022"]
[Source "ChessBase"]
[SourceDate "2021.10.06"]
[SourceVersion "1"]
[SourceVersionDate "2021.10.06"]
[SourceQuality "1"]

1. e4 g6 2. Nc3 Bg7 3. f4 a6 4. Nf3 b5 5. d4 Bb7 6. Bd3 c5 7. dxc5 Qa5 8. e5 b4 9. Ne4 f5 10. Ned2 Qxc5 11. Nc4 Qc7 12. Qe2 Nh6 13. Nd6+ Kf8 14. Nxb7 Qxb7 15. O-O Nc6 16. a3 d6 17. axb4 dxe5 18. Nxe5 Nxe5 19. fxe5 Qxb4 20. Kh1 e6 21. b3 Kf7 22. Ra4 Qb6 23. Be4 Rac8 24. Rxa6 Qd4 25. Bd3 Ra8 26. Rd6 Qxe5 27. Qxe5 Bxe5 28. Rd7+ Ke8 29. Bb5 Ra5 30. Rb7+ Rxb5 31. Rxb5 Ng4 32. h3 Nh2 33. Rf2 Bg3 34. Bf4 Bxf2 35. Rb8+ Kf7 36. Rxh8 Nf1 37. Rxh7+ Kf6 38. g4 Ne3 39. g5# 1-0

[Event "Edmonton Fall Sectional A"]
[Site "Edmonton CAN"]
[Date "2012.10.27"]
[Round "3"]
[White "Gardner, Robert"]
[Black "Porper, Edward"]
[Result "0-1"]
[WhiteElo "2248"]
[BlackElo "2413"]
[PlyCount "80"]
[GameId "2160767909411656"]
[EventDate "2012.10.26"]
[EventType "tourn"]
[EventRounds "5"]
[EventCountry "CAN"]
[SourceTitle "EXT 2022"]
[Source "ChessBase"]
[SourceDate "2021.10.06"]
[SourceVersion "1"]
[SourceVersionDate "2021.10.06"]
[SourceQuality "1"]

1. d4 Nf6 2. c4 Nc6 3. Nf3 e6 4. e3 Bb4+ 5. Bd2 a5 6. Bd3 d6 7. Nc3 e5 8. Qc2 Bg4 9. d5 Nb8 10. h3 Bd7 11. g4 h6 12. g5 hxg5 13. Nxg5 Qe7 14. O-O-O Na6 15. f4 Nc5 16. Bf5 O-O-O 17. Bxd7+ Rxd7 18. Na4 Bxd2+ 19. Rxd2 exf4 20. exf4 Qe3 21. Nxc5 dxc5 22. Rf1 Re8 23. Rff2 Rde7 24. Qa4 Ne4 25. Rfe2 Qxf4 26. Nxe4 Rxe4 27. Qxe8+ Rxe8 28. Rxe8+ Kd7 29. Re1 Qxc4+ 30. Kb1 Qh4 31. Rc1 Qe4+ 32. Ka1 Kd6 33. Rdd1 a4 34. a3 b5 35. Rc3 g5 36. Rg3 b4 37. axb4 cxb4 38. Rxg5 Qc2 39. Rdg1 a3 40. Rb1 axb2+ 0-1

[Event "Edmonton Fall Sectional A"]
[Site "Edmonton CAN"]
[Date "2012.10.27"]
[Round "3"]
[White "Hambleton, Aman"]
[Black "Yam, Alex"]
[Result "1-0"]
[WhiteElo "2348"]
[BlackElo "2267"]
[PlyCount "77"]
[GameId "2160767909411657"]
[EventDate "2012.10.26"]
[EventType "tourn"]
[EventRounds "5"]
[EventCountry "CAN"]
[SourceTitle "EXT 2022"]
[Source "ChessBase"]
[SourceDate "2021.10.06"]
[SourceVersion "1"]
[SourceVersionDate "2021.10.06"]
[SourceQuality "1"]

1. d4 Nf6 2. c4 e6 3. Nc3 c5 4. d5 exd5 5. cxd5 d6 6. e4 g6 7. h3 Bg7 8. Nf3 O-O 9. Bd3 b5 10. Nxb5 Re8 11. O-O Nxe4 12. Re1 a6 13. Na3 Nf6 14. Rxe8+ Nxe8 15. Bg5 Qc7 16. Qa4 Nf6 17. Re1 Nbd7 18. Qc6 Qb8 19. Nc4 Bb7 20. Qxd6 Qxd6 21. Nxd6 Bxd5 22. b3 a5 23. Bb5 Nb6 24. Nc4 Nxc4 25. bxc4 Be6 26. a4 h6 27. Be3 Bf8 28. Nd2 Nd7 29. Nb3 Nb6 30. Rc1 Bd7 31. Nxc5 Bxb5 32. cxb5 Rc8 33. Kf1 f5 34. Ne6 Rxc1+ 35. Bxc1 Bb4 36. Be3 Nxa4 37. b6 Bd6 38. b7 g5 39. Ba7 1-0

[Event "Edmonton Fall Sectional A"]
[Site "Edmonton CAN"]
[Date "2012.10.27"]
[Round "3"]
[White "Pechenkin, Vladimir"]
[Black "Wang, Richard"]
[Result "1-0"]
[WhiteElo "2340"]
[BlackElo "2356"]
[PlyCount "89"]
[GameId "2160767909411658"]
[EventDate "2012.10.26"]
[EventType "tourn"]
[EventRounds "5"]
[EventCountry "CAN"]
[SourceTitle "EXT 2022"]
[Source "ChessBase"]
[SourceDate "2021.10.06"]
[SourceVersion "1"]
[SourceVersionDate "2021.10.06"]
[SourceQuality "1"]

1. d4 d5 2. c4 c6 3. Nf3 Nf6 4. Nc3 dxc4 5. a4 Bf5 6. Ne5 Nbd7 7. Nxc4 Nb6 8. Ne5 a5 9. Bg5 g6 10. e3 Bg7 11. Bd3 Be6 12. Be2 Nbd5 13. Nxd5 Nxd5 14. Nd3 f5 15. O-O Bf7 16. Rb1 Qb6 17. Qd2 Nb4 18. Bf4 Nxd3 19. Bxd3 Bb3 20. Ra1 O-O 21. Rfc1 Rfd8 22. Qc3 h6 23. Bc4+ Bxc4 24. Qxc4+ Rd5 25. Bc7 Qa6 26. Qb3 Kh7 27. Rc2 e6 28. Rac1 Rc8 29. Bg3 Rcd8 30. f4 g5 31. h3 R8d7 32. Rc4 Qa7 33. Kh2 Bf6 34. Rc5 Be7 35. Rxd5 Rxd5 36. fxg5 hxg5 37. Be5 Qa6 38. e4 fxe4 39. Qd1 Kh6 40. Qg4 c5 41. h4 Rd7 42. Rc3 Qc6 43. hxg5+ Kg6 44. Rh3 cxd4 45. Rh6+ 1-0

[Event "Edmonton Fall Sectional A"]
[Site "Edmonton CAN"]
[Date "2012.10.27"]
[Round "4"]
[White "Wang, Richard"]
[Black "Gardner, Robert"]
[Result "1-0"]
[WhiteElo "2356"]
[BlackElo "2248"]
[PlyCount "113"]
[GameId "2160767909411659"]
[EventDate "2012.10.26"]
[EventType "tourn"]
[EventRounds "5"]
[EventCountry "CAN"]
[SourceTitle "EXT 2022"]
[Source "ChessBase"]
[SourceDate "2021.10.06"]
[SourceVersion "1"]
[SourceVersionDate "2021.10.06"]
[SourceQuality "1"]

1. d4 Nf6 2. Nf3 e6 3. e3 b6 4. Bd3 Bb7 5. O-O d5 6. b3 Bd6 7. Bb2 O-O 8. Ne5 c5 9. Nd2 Nc6 10. a3 Ne7 11. Qe2 Ne4 12. Rad1 f6 13. Bxe4 dxe4 14. Nec4 Bb8 15. dxc5 Qc7 16. g3 Qxc5 17. a4 Qc6 18. Ba3 Re8 19. Qg4 Ng6 20. h4 Bc7 21. Bb2 f5 22. Qg5 a6 23. Nb1 b5 24. h5 Bd8 25. Rxd8 Raxd8 26. Na5 Qxc2 27. Bd4 e5 28. Nxb7 exd4 29. hxg6 Rd5 30. gxh7+ Kh8 31. Qg6 Rf8 32. exd4 Qc8 33. Nc5 Rf6 34. Qg5 Rxd4 35. Qc1 Rc6 36. Qb2 Qd8 37. b4 Rd1 38. Nc3 Rxf1+ 39. Kxf1 bxa4 40. Qa2 Kxh7 41. Qxa4 Qf6 42. Nd5 Qh6 43. Qb3 Qh1+ 44. Ke2 Qh5+ 45. Ke1 Qg5 46. Nf4 Rh6 47. Nce6 Qe7 48. Nd4 Qe5 49. Nfe6 Rh1+ 50. Ke2 f4 51. gxf4 Qh5+ 52. Kd2 e3+ 53. fxe3 Rh2+ 54. Kc3 Qe8 55. Qd5 Qa4 56. Qf5+ Kg8 57. Qf8+ 1-0

[Event "Edmonton Fall Sectional A"]
[Site "Edmonton CAN"]
[Date "2012.10.28"]
[Round "4"]
[White "Hambleton, Aman"]
[Black "Pechenkin, Vladimir"]
[Result "1/2-1/2"]
[WhiteElo "2348"]
[BlackElo "2340"]
[PlyCount "109"]
[GameId "2160767909411660"]
[EventDate "2012.10.26"]
[EventType "tourn"]
[EventRounds "5"]
[EventCountry "CAN"]
[SourceTitle "EXT 2022"]
[Source "ChessBase"]
[SourceDate "2021.10.06"]
[SourceVersion "1"]
[SourceVersionDate "2021.10.06"]
[SourceQuality "1"]

1. d4 f5 2. Nc3 Nf6 3. Bg5 d5 4. Bxf6 exf6 5. e3 c6 6. Bd3 g6 7. Qf3 Qa5 8. Nge2 Na6 9. h4 Nb4 10. a3 Nxd3+ 11. cxd3 Bd6 12. h5 Rg8 13. hxg6 hxg6 14. Rh7 Bd7 15. O-O-O O-O-O 16. Kc2 Rde8 17. Rdh1 g5 18. Qh5 f4 19. e4 Be6 20. Rg7 Qd8 21. Rxg8 Rxg8 22. Qh6 Bf8 23. Qh2 dxe4 24. dxe4 Bg7 25. Rd1 Rh8 26. Qg1 Bc4 27. b3 Bxe2 28. Nxe2 Qe7 29. f3 f5 30. e5 c5 31. Nc3 cxd4 32. Qxd4 Qxe5 33. Qxe5 Bxe5 34. Rd5 Bxc3 35. Kxc3 Rh2 36. Rd2 g4 37. Rf2 gxf3 38. Rxf3 Rxg2 39. Rxf4 Rg3+ 40. Kc2 Rg5 41. Rh4 Rg7 42. Rh5 Rf7 43. Kd3 Kd7 44. Rh6 a5 45. Ke3 f4+ 46. Kf3 Kc7 47. Re6 Rf5 48. Re4 Kc6 49. Rxf4 Rxf4+ 50. Kxf4 Kb5 51. Ke4 a4 52. bxa4+ Kxa4 53. Kd4 Kxa3 54. Kc5 b5 55. Kxb5 1/2-1/2

[Event "Edmonton Fall Sectional A"]
[Site "Edmonton CAN"]
[Date "2012.10.28"]
[Round "4"]
[White "Yam, Alex"]
[Black "Porper, Edward"]
[Result "1/2-1/2"]
[WhiteElo "2267"]
[BlackElo "2413"]
[PlyCount "85"]
[GameId "2160767909411661"]
[EventDate "2012.10.26"]
[EventType "tourn"]
[EventRounds "5"]
[EventCountry "CAN"]
[SourceTitle "EXT 2022"]
[Source "ChessBase"]
[SourceDate "2021.10.06"]
[SourceVersion "1"]
[SourceVersionDate "2021.10.06"]
[SourceQuality "1"]

1. e4 Nf6 2. e5 Nd5 3. d4 d6 4. Nf3 c6 5. c4 Nc7 6. Nc3 Bg4 7. exd6 exd6 8. h3 Bf5 9. Be3 Be7 10. Bd3 Bxd3 11. Qxd3 Nd7 12. O-O O-O 13. Rfb1 a5 14. b3 Ne6 15. a3 Nf6 16. b4 axb4 17. axb4 d5 18. c5 b5 19. Ne5 Qc7 20. f4 Rfe8 21. f5 Nf8 22. Bf4 Qb7 23. Qf1 Nh5 24. Bh2 Bg5 25. Kh1 Bd2 26. Qd3 Bxc3 27. Qxc3 Nf6 28. Qb2 Ne4 29. g4 f6 30. Nd3 Ng5 31. Nf2 Qe7 32. Bf4 Rxa1 33. Rxa1 Ne4 34. Nd3 Ng3+ 35. Bxg3 Qe4+ 36. Kh2 Qxd3 37. Re1 Rxe1 38. Bxe1 h5 39. Qf2 hxg4 40. hxg4 Qe4 41. Kg3 Kf7 42. Bd2 g5 43. Qe3 1/2-1/2

[Event "Edmonton Fall Sectional A"]
[Site "Edmonton CAN"]
[Date "2012.10.28"]
[Round "5"]
[White "Gardner, Robert"]
[Black "Hambleton, Aman"]
[Result "1/2-1/2"]
[WhiteElo "2248"]
[BlackElo "2348"]
[PlyCount "113"]
[GameId "2160767909411662"]
[EventDate "2012.10.26"]
[EventType "tourn"]
[EventRounds "5"]
[EventCountry "CAN"]
[SourceTitle "EXT 2022"]
[Source "ChessBase"]
[SourceDate "2021.10.06"]
[SourceVersion "1"]
[SourceVersionDate "2021.10.06"]
[SourceQuality "1"]

1. d4 e6 2. c4 Nf6 3. Nc3 Bb4 4. e3 O-O 5. Nge2 d5 6. a3 Bd6 7. Ng3 b6 8. e4 dxe4 9. Ncxe4 Nxe4 10. Nxe4 Bb7 11. Nxd6 cxd6 12. Qg4 Nd7 13. Bd3 Nf6 14. Qh4 h6 15. O-O Rc8 16. Re1 Nh7 17. Qxd8 Rfxd8 18. Be3 Nf6 19. Rec1 Ba6 20. Bf1 Nd7 21. b4 Rc7 22. Bf4 e5 23. dxe5 dxe5 24. Be3 Rdc8 25. Rd1 f5 26. f3 f4 27. Bf2 e4 28. fxe4 Nf6 29. c5 Bxf1 30. cxb6 axb6 31. Kxf1 b5 32. e5 Ng4 33. Bc5 Nxh2+ 34. Kg1 Ng4 35. e6 Nf6 36. Rd4 Re8 37. Re1 Rc6 38. e7 g5 39. Rd8 Kf7 40. Red1 Ra6 41. R1d3 Re6 42. g3 fxg3 43. Rxg3 Ne4 44. Rf3+ Rf6 45. Rxf6+ Nxf6 46. a4 bxa4 47. b5 Rxe7 48. Bxe7 Kxe7 49. Rd4 a3 50. b6 a2 51. Rd1 Nd7 52. b7 Nb8 53. Kf2 h5 54. Ke3 Ke6 55. Ke4 Nd7 56. Ke3 Nb8 57. Ra1 1/2-1/2

[Event "Edmonton Fall Sectional A"]
[Site "Edmonton CAN"]
[Date "2012.10.28"]
[Round "5"]
[White "Pechenkin, Vladimir"]
[Black "Yam, Alex"]
[Result "1/2-1/2"]
[WhiteElo "2340"]
[BlackElo "2267"]
[PlyCount "46"]
[GameId "2160767909411663"]
[EventDate "2012.10.26"]
[EventType "tourn"]
[EventRounds "5"]
[EventCountry "CAN"]
[SourceTitle "EXT 2022"]
[Source "ChessBase"]
[SourceDate "2021.10.06"]
[SourceVersion "1"]
[SourceVersionDate "2021.10.06"]
[SourceQuality "1"]

1. c4 c6 2. g3 d5 3. Nf3 Nf6 4. Bg2 g6 5. b3 Bg7 6. Bb2 O-O 7. O-O Nbd7 8. Qc2 b6 9. d4 Bb7 10. Nbd2 Re8 11. e4 dxe4 12. Nxe4 Qc7 13. Nxf6+ Bxf6 14. Rfe1 Rad8 15. Rad1 Nf8 16. Ne5 Ne6 17. Qe4 Ng5 18. Qe3 Bxe5 19. Qxe5 Qxe5 20. dxe5 Ne6 21. f4 Rxd1 22. Rxd1 Rd8 23. Rxd8+ Nxd8 1/2-1/2

[Event "Edmonton Fall Sectional A"]
[Site "Edmonton CAN"]
[Date "2012.10.28"]
[Round "5"]
[White "Porper, Edward"]
[Black "Wang, Richard"]
[Result "1/2-1/2"]
[WhiteElo "2413"]
[BlackElo "2356"]
[PlyCount "54"]
[GameId "2160767909411664"]
[EventDate "2012.10.26"]
[EventType "tourn"]
[EventRounds "5"]
[EventCountry "CAN"]
[SourceTitle "EXT 2022"]
[Source "ChessBase"]
[SourceDate "2021.10.06"]
[SourceVersion "1"]
[SourceVersionDate "2021.10.06"]
[SourceQuality "1"]

1. d4 d5 2. c4 c6 3. Nf3 Nf6 4. Qb3 dxc4 5. Qxc4 Bg4 6. Nbd2 Nbd7 7. g3 e6 8. Bg2 Be7 9. O-O O-O 10. Ne5 Bh5 11. Nxd7 Nxd7 12. Nb3 Qb6 13. Bd2 a5 14. Bc3 Rfd8 15. e3 a4 16. Nd2 Qc7 17. Qd3 Nb6 18. Be4 Bg6 19. Bxg6 hxg6 20. Nf3 a3 21. b3 e5 22. Qc2 exd4 23. Bxd4 Nd5 24. Rfd1 Qa5 25. Qe4 Bf6 26. Bxf6 gxf6 27. Qc4 Nb4 1/2-1/2

[Event "Edmonton Fall Sectional B"]
[Site "Edmonton CAN"]
[Date "2012.10.26"]
[Round "1"]
[White "Kalisvaart, Peter"]
[Black "Pedersen, Rick"]
[Result "1-0"]
[WhiteElo "2016"]
[BlackElo "1992"]
[PlyCount "75"]
[GameId "2160767909411665"]
[EventDate "2012.10.26"]
[EventType "tourn"]
[EventRounds "5"]
[EventCountry "CAN"]
[SourceTitle "EXT 2022"]
[Source "ChessBase"]
[SourceDate "2021.10.06"]
[SourceVersion "1"]
[SourceVersionDate "2021.10.06"]
[SourceQuality "1"]

1. c4 g6 2. Nc3 Bg7 3. Nf3 Nf6 4. g3 O-O 5. Bg2 d6 6. O-O c5 7. a3 Nc6 8. Rb1 Bf5 9. d3 Qd7 10. Re1 e5 11. Ng5 h6 12. Nge4 Kh7 13. b4 Nxe4 14. Nxe4 cxb4 15. axb4 Rad8 16. b5 Nd4 17. Nc3 Bh3 18. e3 Bxg2 19. Kxg2 Ne6 20. Ba3 f5 21. Qd2 f4 22. Ne4 f3+ 23. Kh1 Ng5 24. Nxd6 Rf6 25. c5 Bf8 26. Rec1 Nf7 27. Ne4 Re6 28. c6 bxc6 29. Bxf8 Rxf8 30. Nc5 Qe7 31. Nxe6 Qxe6 32. bxc6 Qh3 33. Rg1 e4 34. g4 Ne5 35. dxe4 Nxg4 36. Rxg4 Qxg4 37. Rb7+ Kg8 38. Qd5+ 1-0

[Event "Edmonton Fall Sectional B"]
[Site "Edmonton CAN"]
[Date "2012.10.26"]
[Round "1"]
[White "Zeggelaar, Mike"]
[Black "Newton, Geoff"]
[Result "1/2-1/2"]
[WhiteElo "2031"]
[BlackElo "2012"]
[PlyCount "38"]
[GameId "2160767909411667"]
[EventDate "2012.10.26"]
[EventType "tourn"]
[EventRounds "5"]
[EventCountry "CAN"]
[SourceTitle "EXT 2022"]
[Source "ChessBase"]
[SourceDate "2021.10.06"]
[SourceVersion "1"]
[SourceVersionDate "2021.10.06"]
[SourceQuality "1"]

1. e4 e6 2. d4 d5 3. Nc3 Nf6 4. Bg5 Be7 5. e5 Nfd7 6. h4 f6 7. exf6 Nxf6 8. Nf3 c5 9. Bd3 c4 10. Be2 O-O 11. Qd2 Bd7 12. O-O Nc6 13. Rfe1 a6 14. Ne5 Nxe5 15. dxe5 Ne8 16. Bxe7 Qxe7 17. g3 Qc5 18. Ne4 Qb5 19. Nc3 Qc5 1/2-1/2

[Event "Edmonton Fall Sectional B"]
[Site "Edmonton CAN"]
[Date "2012.10.27"]
[Round "2"]
[White "Newton, Geoff"]
[Black "Pedersen, Rick"]
[Result "1-0"]
[WhiteElo "2012"]
[BlackElo "1992"]
[PlyCount "67"]
[GameId "2160767909411668"]
[EventDate "2012.10.26"]
[EventType "tourn"]
[EventRounds "5"]
[EventCountry "CAN"]
[SourceTitle "EXT 2022"]
[Source "ChessBase"]
[SourceDate "2021.10.06"]
[SourceVersion "1"]
[SourceVersionDate "2021.10.06"]
[SourceQuality "1"]

1. d4 Nf6 2. c4 g6 3. Nc3 Bg7 4. e4 d6 5. f3 O-O 6. Be3 c5 7. Nge2 cxd4 8. Nxd4 Nc6 9. Qd2 Bd7 10. Be2 Rc8 11. Nxc6 bxc6 12. O-O c5 13. Bh6 Bc6 14. Bxg7 Kxg7 15. Rad1 Qa5 16. Qe3 Rfd8 17. f4 e6 18. Bf3 e5 19. Rf2 Qb4 20. Nd5 Bxd5 21. cxd5 Re8 22. f5 c4 23. fxg6 hxg6 24. Rc1 Rc5 25. g4 Rec8 26. g5 Ng8 27. Rc3 Qb7 28. Bg4 Rf8 29. Qg3 Qe7 30. Qh4 f5 31. exf5 gxf5 32. Bxf5 Rxf5 33. Rxf5 Rxd5 34. Rh3 1-0

[Event "Edmonton Fall Sectional B"]
[Site "Edmonton CAN"]
[Date "2012.10.27"]
[Round "2"]
[White "Sequillion, Aaron"]
[Black "Kalisvaart, Peter"]
[Result "0-1"]
[WhiteElo "2038"]
[BlackElo "2016"]
[PlyCount "70"]
[GameId "2160767909411669"]
[EventDate "2012.10.26"]
[EventType "tourn"]
[EventRounds "5"]
[EventCountry "CAN"]
[SourceTitle "EXT 2022"]
[Source "ChessBase"]
[SourceDate "2021.10.06"]
[SourceVersion "1"]
[SourceVersionDate "2021.10.06"]
[SourceQuality "1"]

1. e4 e5 2. Nf3 Nc6 3. Bb5 Nd4 4. Nxd4 exd4 5. O-O Bc5 6. Qe2 Qe7 7. Re1 c6 8. Bc4 d6 9. d3 Be6 10. Bxe6 Qxe6 11. Bf4 Ne7 12. Nd2 O-O 13. Bg3 Bb4 14. a3 Bxd2 15. Qxd2 c5 16. f4 f5 17. exf5 Qd7 18. Qe2 Nxf5 19. Qe6+ Qxe6 20. Rxe6 Kf7 21. Rae1 a5 22. Bf2 h5 23. a4 Rfb8 24. g3 b5 25. axb5 Rxb5 26. b3 a4 27. bxa4 Rb2 28. R1e2 Rxa4 29. h3 Rxc2 30. Rxc2 Kxe6 31. g4 hxg4 32. hxg4 Ne3 33. Re2 Kf6 34. Bxe3 dxe3 35. Rxe3 Rxf4 0-1

[Event "Edmonton Fall Sectional B"]
[Site "Edmonton CAN"]
[Date "2012.10.27"]
[Round "2"]
[White "Zeggelaar, Mike"]
[Black "Miller, David"]
[Result "1-0"]
[WhiteElo "2031"]
[BlackElo "2180"]
[PlyCount "49"]
[GameId "2160767909411670"]
[EventDate "2012.10.26"]
[EventType "tourn"]
[EventRounds "5"]
[EventCountry "CAN"]
[SourceTitle "EXT 2022"]
[Source "ChessBase"]
[SourceDate "2021.10.06"]
[SourceVersion "1"]
[SourceVersionDate "2021.10.06"]
[SourceQuality "1"]

1. c4 Nf6 2. Nc3 g6 3. g3 Bg7 4. Bg2 O-O 5. Nf3 d6 6. O-O e5 7. d3 Nc6 8. Bd2 Nh5 9. Rb1 a5 10. a3 f5 11. b4 axb4 12. axb4 f4 13. e3 Ne7 14. Ne1 Nf6 15. exf4 exf4 16. Bxf4 Bg4 17. Qd2 Nh5 18. Bh6 Bxh6 19. Qxh6 Ra3 20. Ne4 Be2 21. Ng5 Nf6 22. Ne6 Nf5 23. Qd2 Bxf1 24. Nxd8 Bxg2 25. Kxg2 1-0